Diccionario de třminos financieros y bancarios

Bibliographic Details
Main Author: Marcusex, Robert
Format: eBook
Language:Spanish
Published: Bogot ̀: ECOE, 2009
Subjects:
Online Access:http://www.vlex.com/source/7668

MARC

LEADER 00000nam a22000007a 4500
005 20130327112831.0
007 cr|||| ||||
008 130327e2009 ck |||||s|||| 00||0 spa d
020 |a 978-958-648-574-6 
035 |a 7668 
040 |a vLex 
090 |c 4046  |d 4046 
100 1 0 |a Marcusex, Robert  
245 1 0 |a Diccionario de třminos financieros y bancarios  |c / Robert Marcusex   |h [Recurso electrn̤ico] 
256 |a Servicio en ln̕ea 
260 |a Bogot ̀:   |b ECOE,   |c 2009  
300 |a 1 Recurso electrn̤ico 
506 |d vLex Global  |d vLex Global (Academic Edition, excluding Law Schools)  |d vLex Global (U.S. Academic Edition, Law Schools)  |d vLex Global (U.S. Academic Edition, excluding Law Schools)  |d vLex Global (Academic Edition, Law Schools) 
650 0 4 |a Finanzas  |v Diccionarios 
650 0 4 |a Economa̕  |v Diccionarios 
740 |a vLex Libros (Servicio en ln̕ea) 
856 |a Acceso restringido  |u http://www.vlex.com/source/7668 
942 |c BOOK 
999 0 |a Finance